| 000 | 00825cam a2200277 a 4500 | ||
|---|---|---|---|
| 999 |
_c2822 _d2822 |
||
| 001 | 01027864 | ||
| 003 | OSt | ||
| 005 | 20230823082702.0 | ||
| 008 | 080320s2007 enka 000 1 eng d | ||
| 020 | _a9781405087308 (pbk.) | ||
| 040 |
_aNCTU _cKH8 |
||
| 041 | 0 | _aeng | |
| 082 | _a400 BLA | ||
| 100 | 1 |
_aShakespeare, William, _eauthor. |
|
| 245 | 1 | 0 |
_aRomeo and Juliet / _cWilliam Shakespeare. |
| 260 |
_aOxford : _bMacmillan, _cc2007. |
||
| 300 |
_a87 p. : _bill. ; _c20 cm. |
||
| 440 | 0 |
_aMacmillan Readers. _n4, _pPre-intermediate level. |
|
| 650 | 0 |
_aReaders _vConflict of generations. |
|
| 650 | 0 |
_aReaders _vVendetta. |
|
| 650 | 0 |
_aReaders _vLove stories. |
|
| 650 | 0 |
_aReaders _vTragedies. |
|
| 650 | 0 |
_aReaders _xRomeo (Fictitious character) |
|
| 650 | 0 |
_aReaders _xJuliet (Fictitious character) |
|
| 942 |
_2ddc _cTR |
||